Histoire de France par lettre - P - Statistiques

Statistiques générales
  • Ce quiz a été pris 20 145 fois
  • Le résultat moyen est 11 sur 20
Statistiques - réponses
Indices Réponses % Correct
Maréchal héros de la Première Guerre mondiale, il est frappé d'indignité nationale à l'issue de la Seconde Philippe Pétain
96%
Introduite par le port de Marseille, cette pandémie tua un tiers de la population en Europe Peste noire
95%
Elle est abolie en 1981 sur un projet de loi porté par Robert Badinter Peine de mort
94%
Couvre-chef symbole révolutionnaire, attribut de Marianne et mascotte des Jeux olympiques de Paris 2024 Bonnet {phrygien}
89%
Région historique, Aix en est la capitale Provence
85%
Dernière demeure de Jean Moulin, Simone Veil ou encore Voltaire Panthéon
76%
Sa construction fut initiée par Ferdinand de Lesseps assisté de Gustave Eiffel mais donna lieu à une crise financière et politique sans précédent Canal de {Panama}
74%
En 732, Charles Martel y repoussa les Omeyyades; en 1356, les Anglais y défirent Jean II Poitiers
68%
Mathématicien et philosophe janséniste célèbre, il donne son nom à une unité de pression Blaise Pascal
66%
Originaire de cette région, il loue notamment la gloire de son père dans son œuvre Marcel Pagnol
64%
Capitale historique du Béarn qui vit naître Henri IV Pau
59%
"Eternel second" sur la Grande Boucle, il détient le record de podiums sur le Tour de France Raymond Poulidor
52%
Maîtresse en titre de Louis XV entre 1745 et 1751 pour qui fut construit le Petit Trianon Madame de Pompadour
38%
Président de la République pendant la Grande Guerre, son cousin était mathématicien Raymond Poincaré
38%
Ancienne capitale du Royaume de Majorque passant alors sous giron français Perpignan
29%
Traité de 1659 prévoyant la cession du Roussillon et de l'Artois par l'Espagne à la France Traité des {Pyrénées}
27%
Attentat raté contre Charles de Gaulle en 1962 conduisant à l'adoption du suffrage universel direct pour l'élection du Président de la République Petit-Clamart
24%
Maison royale issue de celle d'Anjou ayant occupé le trône britannique de 1154 à 1485 Plantagenêt
24%
Pendant du Premier ministre sous les III et IVe Républiques notamment Président du Conseil
23%
Victoire décisive française dans la guerre de cent ans, elle serait rentrée dans le langage courant avec l'expression "mettre la pâtée" Bataille de {Patay}
10%
Aucun quiz correspondant
Distribution des résultats
% des personnes avec chaque résultat
Percentile par nombre de réponses
Votre historique - résultats
Vous n’avez pas pris ce quiz